30 Największych Państw na Świecie! - Statystyki

Ogólne statystyki
  • Ten quiz został rozwiązany 4 681 razy
  • Średni wynik to 20 z 30
Statystyki odpowiedzi
# Państwo % Poprawnych
1 Rosja
100%
3 Chiny
98%
2 Kanada
96%
4 USA
96%
5 Brazylia
94%
6 Australia
89%
7 Indie
89%
8 Argentyna
88%
13 Meksyk
84%
9 Kazachstan
81%
29 Egipt
75%
18 Mongolia
74%
12 Arabia Saudyjska
72%
10 Algieria
70%
11 Demokratyczna Republika Konga
66%
17 Iran
66%
14 Indonezja
65%
21 Niger
63%
15 Sudan
60%
25 Kolumbia
59%
16 Libia
56%
19 Peru
56%
24 Południowa Afryka
53%
20 Czad
49%
26 Etiopia
47%
27 Boliwia
43%
23 Mali
43%
22 Angola
39%
28 Mauretania
35%
30 Tanzania
31%
Nie znaleziono quizów pasujących do podanych kryteriów
Rozkład punktacji
Procent ludzi z każdym wynikiem
Percentyl według liczby udzielonych odpowiedzi
Twoja historia wyników
Nie rozwiązałeś tego quizu